Nomi italiani di città straniere - Balcani e Cipro - Statistics

Statistiche generali
  • Questo quiz è stato fatto 90 volte
  • Il punteggio medio è 19 su 39
Statistiche sulle risposte
Nome locale Nome italiano % Corretto
Ljubljana (Slovenia) Lubiana
94%
Tirane (Albania) Tirana
92%
Zagreb (Croazia) Zagabria
92%
Athina (Grecia) Atene
88%
Rodos (Grecia) Rodi
88%
Beograd (Serbia) Belgrado
80%
Korinthos (Grecia) Corinto
75%
Split (Croazia) Spalato
70%
Rijeka (Croazia) Fiume
69%
Pula (Croazia) Pola
69%
Zakynthos (Grecia) Zante
69%
Durres (Albania) Durazzo
67%
Pireas (Grecia) Pireo
67%
Dubrovnik (Croazia) Ragusa
61%
Thessaloniki (Grecia) Salonicco
56%
Zadar (Croazia) Zara
55%
Lefkosia (Cipro) Nicosia
52%
Umag (Croazia) Umago
50%
Vlore (Albania) Valona
47%
Koper (Slovenia) Capodistria
44%
Patra (Grecia) Patrasso
41%
Rovinj (Croazia) Rovigno
41%
Postojna (Slovenia) Postumia
39%
Tolmin (Slovenia) Tolmino
38%
Maribor (Slovenia) Marburgo sulla Drava
36%
Kotor (Montenegro) Cattaro
33%
Kobarid (Slovenia) Caporetto
31%
Shkodra (Albania) Scutari
31%
Porec (Croazia) Parenzo
28%
Kerkyra (Grecia) Corfù
23%
Sibenik (Croazia) Sebenico
23%
Lezhe (Albania) Alessio
19%
Bar (Montenegro) Antivari
19%
Gjirokaster (Albania) Argirocastro
19%
Irakleio (Grecia) Candia
19%
Krk (Croazia) Veglia
19%
Mesolongi (Grecia) Missolungi
13%
Ammochostos (Cipro) Famagosta
9%
Ptuj (Slovenia) Poetovio
8%
Nessun quiz corrispondente trovato
Distribuzione punteggi
Percentuale di utenti per punteggio
Percentile per numero di risposta
I tuoi punteggi nel tempo
Non hai fatto questo quiz